<?xml version="1.0" encoding="UTF-8"?>
<record
    xmlns:xsi="http://www.w3.org/2001/XMLSchema-instance"
    xsi:schemaLocation="http://www.loc.gov/MARC21/slim http://www.loc.gov/standards/marcxml/schema/MARC21slim.xsd"
    xmlns="http://www.loc.gov/MARC21/slim">

  <leader>02877nam a22003497a 4500</leader>
  <controlfield tag="005">20220823110135.0</controlfield>
  <controlfield tag="008">220823b        mx ||||| |||| 00| 0 spa d</controlfield>
  <datafield tag="020" ind1=" " ind2=" ">
    <subfield code="a">9687827130 (obra completa)</subfield>
  </datafield>
  <datafield tag="020" ind1=" " ind2=" ">
    <subfield code="a">9687827149 (T.1)</subfield>
  </datafield>
  <datafield tag="020" ind1=" " ind2=" ">
    <subfield code="a">9687827159 (T.2)</subfield>
  </datafield>
  <datafield tag="020" ind1=" " ind2=" ">
    <subfield code="a">9687827165 (T.3)</subfield>
  </datafield>
  <datafield tag="020" ind1=" " ind2=" ">
    <subfield code="a">9687827173 (T.4)</subfield>
  </datafield>
  <datafield tag="020" ind1=" " ind2=" ">
    <subfield code="a">9687827181 (T.5)</subfield>
  </datafield>
  <datafield tag="020" ind1=" " ind2=" ">
    <subfield code="a">968782719X (T.6)</subfield>
  </datafield>
  <datafield tag="020" ind1=" " ind2=" ">
    <subfield code="a">9687827203 (T.7)</subfield>
  </datafield>
  <datafield tag="020" ind1=" " ind2=" ">
    <subfield code="a">9687827211 (T.8)</subfield>
  </datafield>
  <datafield tag="020" ind1=" " ind2=" ">
    <subfield code="a">9687827629 (T.9)</subfield>
  </datafield>
  <datafield tag="020" ind1=" " ind2=" ">
    <subfield code="a">9687827637 (T.10)</subfield>
  </datafield>
  <datafield tag="050" ind1="0" ind2="4">
    <subfield code="a">RC931.O73</subfield>
    <subfield code="b">A93 1998</subfield>
  </datafield>
  <datafield tag="245" ind1="0" ind2="0">
    <subfield code="a">Avances en osteoporosis</subfield>
    <subfield code="c">/ Antonio Fraga Mouret...[et al].</subfield>
  </datafield>
  <datafield tag="250" ind1=" " ind2=" ">
    <subfield code="a">1a ed.</subfield>
  </datafield>
  <datafield tag="260" ind1=" " ind2=" ">
    <subfield code="a">M&#xE9;xico :</subfield>
    <subfield code="b">Corporativo Interm&#xE9;dica,</subfield>
    <subfield code="c">1998.</subfield>
  </datafield>
  <datafield tag="300" ind1=" " ind2=" ">
    <subfield code="a">10 v. :</subfield>
    <subfield code="b">il. ;</subfield>
    <subfield code="c">23 cm.</subfield>
  </datafield>
  <datafield tag="500" ind1=" " ind2=" ">
    <subfield code="a">Avalado por la Academia Nacional de Medicina.</subfield>
  </datafield>
  <datafield tag="504" ind1=" " ind2=" ">
    <subfield code="a">Incluye bibliograf&#xED;as.</subfield>
  </datafield>
  <datafield tag="505" ind1="0" ind2=" ">
    <subfield code="t">T.1 Anatom&#xED;a y ultraestructura del hueso. Regulaci&#xF3;n del remodelado &#xF3;seo. Fisiolog&#xED;a y bioqu&#xED;mica del metabolismo del calcio. </subfield>
    <subfield code="r"> / Hugo Pe&#xF1;a R&#xED;os, Gerardo Guerrero Yeo.</subfield>
    <subfield code="t">T.2 Epidemiolog&#xED;a de la osteoporosis. Factores de riesgo para la osteoporosis. Manifestaciones cl&#xED;nicas de la osteoporosis. Historia cl&#xED;nica y EF del paciente con enfermedades &#xF3;seas metab&#xF3;licas.</subfield>
    <subfield code="r"> / Margarita Delez&#xE9; Hinojosa, Oscar Ant&#xFA;nez Flores.</subfield>
    <subfield code="t">T.3 El diagn&#xF3;stico de osteoporosis. M&#xE9;todos de medici&#xF3;n de masa &#xF3;sea. Marcadores bioqu&#xED;micos de remodelado &#xF3;seo </subfield>
    <subfield code="r">/ Fidencio Cons Molina.</subfield>
    <subfield code="t">T.4 Prevenci&#xF3;n de osteoporosis. Nutrici&#xF3;n y osteoporosis. Actividad f&#xED;sica, ejercicio y regulaci&#xF3;n de la masa &#xF3;sea </subfield>
    <subfield code="r">/ Eduardo Rub&#xE9;n Barreira Mercado, Javier Orozco Alcal&#xE1;.</subfield>
    <subfield code="t">T.5 Patog&#xE9;nesis de la osteoporosis postmenop&#xE1;usica. Tratamiento de reemplazo hormonal en la mujer postmenop&#xE1;usica. </subfield>
    <subfield code="r">/ Jos&#xE9; Alberto Hern&#xE1;ndez Bueno.</subfield>
    <subfield code="t">T.6 Epidemiolog&#xED;a de las fracturas osteopor&#xF3;ticas. Factores determinantes de las fracturas osteopor&#xF3;ticas. Fractura de cadera, v&#xE9;rtebras y antebrazo distal.
</subfield>
    <subfield code="r">/ Jorge Larruz Quintanilla.</subfield>
    <subfield code="t">T.7 Osteoporosis senil. Osteoporosis secundaria. Osteoporosis y enfermedades reumaticas. Osteoporosis secundaria a f&#xE1;rmacos.</subfield>
    <subfield code="r">/ Jaime Elizondo Alan&#xED;s, Jorge Fuentes de la Mata</subfield>
    <subfield code="t">T.8 Causas varias de osteoporosis secundaria. Enfermedades gastrointestinales y hepatobiliares que producen alteraciones &#xF3;seas metab&#xF3;licas. Hipercalcemia.</subfield>
    <subfield code="r">/ Antonio Fraga Mouret, Francisco Medina Rodr&#xED;guez, Fidencio Cons Molina.</subfield>
    <subfield code="t">T.9 Osteoporosis en hombres. Osteodistrofia renal. Nefrolitiasis.</subfield>
    <subfield code="r">/ Jorge Morales Torres.</subfield>
    <subfield code="t">T.10 Tratamiento de la osteoporosis. F&#xE1;rmacos antirresortivos. F&#xE1;rmacos osteoformadores. Visi&#xF3;n general del tratamiento de la osteoporosis.</subfield>
    <subfield code="r">/ Jorge Morales Torres, Jos&#xE9; Gerardo Gonz&#xE1;lez Gonz&#xE1;lez.</subfield>
  </datafield>
  <datafield tag="650" ind1=" " ind2="7">
    <subfield code="2">lemb</subfield>
    <subfield code="a">Osteoporosis</subfield>
  </datafield>
  <datafield tag="700" ind1="1" ind2=" ">
    <subfield code="a">Fraga Mouret, Antonio,</subfield>
    <subfield code="e">autor</subfield>
  </datafield>
  <datafield tag="700" ind1="1" ind2=" ">
    <subfield code="a">Cons Molina, Fidencio,</subfield>
    <subfield code="e">autor</subfield>
  </datafield>
  <datafield tag="700" ind1="1" ind2=" ">
    <subfield code="a">Guerrero Yeo, Gerardo,</subfield>
    <subfield code="e">autor</subfield>
  </datafield>
  <datafield tag="942" ind1=" " ind2=" ">
    <subfield code="2">lcc</subfield>
    <subfield code="c">LIB</subfield>
  </datafield>
  <datafield tag="999" ind1=" " ind2=" ">
    <subfield code="c">163878</subfield>
    <subfield code="d">163876</subfield>
  </datafield>
  <datafield tag="952" ind1=" " ind2=" ">
    <subfield code="1">0</subfield>
    <subfield code="2">lcc</subfield>
    <subfield code="4">0</subfield>
    <subfield code="7">0</subfield>
    <subfield code="a">LIC-010</subfield>
    <subfield code="b">LIC-010</subfield>
    <subfield code="c">GENERAL</subfield>
    <subfield code="d">2022-08-23</subfield>
    <subfield code="e">DON</subfield>
    <subfield code="f">1a ed.</subfield>
    <subfield code="h">T.1</subfield>
    <subfield code="k">CS</subfield>
    <subfield code="o">RC931.O73 A93 1998</subfield>
    <subfield code="p">BFM000008765</subfield>
    <subfield code="r">2022-08-23 00:00:00</subfield>
    <subfield code="t">1</subfield>
    <subfield code="v">1.00</subfield>
    <subfield code="y">LIB</subfield>
  </datafield>
  <datafield tag="952" ind1=" " ind2=" ">
    <subfield code="1">0</subfield>
    <subfield code="2">lcc</subfield>
    <subfield code="4">0</subfield>
    <subfield code="7">0</subfield>
    <subfield code="a">LIC-010</subfield>
    <subfield code="b">LIC-010</subfield>
    <subfield code="c">GENERAL</subfield>
    <subfield code="d">2022-08-23</subfield>
    <subfield code="e">DON</subfield>
    <subfield code="f">1a ed.</subfield>
    <subfield code="h">T.2</subfield>
    <subfield code="k">CS</subfield>
    <subfield code="o">RC931.O73 A93 1998</subfield>
    <subfield code="p">BFM000008766</subfield>
    <subfield code="r">2022-08-23 00:00:00</subfield>
    <subfield code="t">1</subfield>
    <subfield code="v">1.00</subfield>
    <subfield code="y">LIB</subfield>
  </datafield>
  <datafield tag="952" ind1=" " ind2=" ">
    <subfield code="1">0</subfield>
    <subfield code="2">lcc</subfield>
    <subfield code="4">0</subfield>
    <subfield code="7">0</subfield>
    <subfield code="a">LIC-010</subfield>
    <subfield code="b">LIC-010</subfield>
    <subfield code="c">GENERAL</subfield>
    <subfield code="d">2022-08-23</subfield>
    <subfield code="e">DON</subfield>
    <subfield code="f">1a ed.</subfield>
    <subfield code="h">T.3</subfield>
    <subfield code="k">CS</subfield>
    <subfield code="o">RC931.O73 A93 1998</subfield>
    <subfield code="p">BFM000008767</subfield>
    <subfield code="r">2022-08-23 00:00:00</subfield>
    <subfield code="t">1</subfield>
    <subfield code="v">1.00</subfield>
    <subfield code="y">LIB</subfield>
  </datafield>
  <datafield tag="952" ind1=" " ind2=" ">
    <subfield code="1">0</subfield>
    <subfield code="2">lcc</subfield>
    <subfield code="4">0</subfield>
    <subfield code="7">0</subfield>
    <subfield code="a">LIC-010</subfield>
    <subfield code="b">LIC-010</subfield>
    <subfield code="c">GENERAL</subfield>
    <subfield code="d">2022-08-23</subfield>
    <subfield code="e">DON</subfield>
    <subfield code="f">1a ed.</subfield>
    <subfield code="h">T.4</subfield>
    <subfield code="k">CS</subfield>
    <subfield code="o">RC931.O73 A93 1998</subfield>
    <subfield code="p">BFM000008777</subfield>
    <subfield code="r">2022-08-23 00:00:00</subfield>
    <subfield code="t">1</subfield>
    <subfield code="v">1.00</subfield>
    <subfield code="y">LIB</subfield>
  </datafield>
  <datafield tag="952" ind1=" " ind2=" ">
    <subfield code="1">0</subfield>
    <subfield code="2">lcc</subfield>
    <subfield code="4">0</subfield>
    <subfield code="7">0</subfield>
    <subfield code="a">LIC-010</subfield>
    <subfield code="b">LIC-010</subfield>
    <subfield code="c">GENERAL</subfield>
    <subfield code="d">2022-08-23</subfield>
    <subfield code="e">DON</subfield>
    <subfield code="f">1a ed.</subfield>
    <subfield code="h">T.5</subfield>
    <subfield code="k">CS</subfield>
    <subfield code="o">RC931.O73 A93 1998</subfield>
    <subfield code="p">BFM000008778</subfield>
    <subfield code="r">2022-08-23 00:00:00</subfield>
    <subfield code="t">1</subfield>
    <subfield code="v">1.00</subfield>
    <subfield code="y">LIB</subfield>
  </datafield>
  <datafield tag="952" ind1=" " ind2=" ">
    <subfield code="1">0</subfield>
    <subfield code="2">lcc</subfield>
    <subfield code="4">0</subfield>
    <subfield code="7">0</subfield>
    <subfield code="a">LIC-010</subfield>
    <subfield code="b">LIC-010</subfield>
    <subfield code="c">GENERAL</subfield>
    <subfield code="d">2022-08-23</subfield>
    <subfield code="e">DON</subfield>
    <subfield code="f">1a ed.</subfield>
    <subfield code="h">T.6</subfield>
    <subfield code="k">CS</subfield>
    <subfield code="o">RC931.O73 A93 1998</subfield>
    <subfield code="p">BFM000008779</subfield>
    <subfield code="r">2022-08-23 00:00:00</subfield>
    <subfield code="t">1</subfield>
    <subfield code="v">1.00</subfield>
    <subfield code="y">LIB</subfield>
  </datafield>
  <datafield tag="952" ind1=" " ind2=" ">
    <subfield code="1">0</subfield>
    <subfield code="2">lcc</subfield>
    <subfield code="4">0</subfield>
    <subfield code="7">0</subfield>
    <subfield code="a">LIC-010</subfield>
    <subfield code="b">LIC-010</subfield>
    <subfield code="c">GENERAL</subfield>
    <subfield code="d">2022-08-23</subfield>
    <subfield code="e">DON</subfield>
    <subfield code="f">1a ed.</subfield>
    <subfield code="h">T.7</subfield>
    <subfield code="k">CS</subfield>
    <subfield code="o">RC931.O73 A93 1998</subfield>
    <subfield code="p">BFM000008780</subfield>
    <subfield code="r">2022-08-23 00:00:00</subfield>
    <subfield code="t">1</subfield>
    <subfield code="v">1.00</subfield>
    <subfield code="y">LIB</subfield>
  </datafield>
  <datafield tag="952" ind1=" " ind2=" ">
    <subfield code="1">0</subfield>
    <subfield code="2">lcc</subfield>
    <subfield code="4">0</subfield>
    <subfield code="7">0</subfield>
    <subfield code="a">LIC-010</subfield>
    <subfield code="b">LIC-010</subfield>
    <subfield code="c">GENERAL</subfield>
    <subfield code="d">2022-08-23</subfield>
    <subfield code="e">DON</subfield>
    <subfield code="f">1a ed.</subfield>
    <subfield code="h">T.8</subfield>
    <subfield code="k">CS</subfield>
    <subfield code="o">RC931.O73 A93 1998</subfield>
    <subfield code="p">BFM000008781</subfield>
    <subfield code="r">2022-08-23 00:00:00</subfield>
    <subfield code="t">1</subfield>
    <subfield code="v">1.00</subfield>
    <subfield code="y">LIB</subfield>
  </datafield>
  <datafield tag="952" ind1=" " ind2=" ">
    <subfield code="1">0</subfield>
    <subfield code="2">lcc</subfield>
    <subfield code="4">0</subfield>
    <subfield code="7">0</subfield>
    <subfield code="a">LIC-010</subfield>
    <subfield code="b">LIC-010</subfield>
    <subfield code="c">GENERAL</subfield>
    <subfield code="d">2022-08-23</subfield>
    <subfield code="e">DON</subfield>
    <subfield code="f">1a ed.</subfield>
    <subfield code="h">T.9</subfield>
    <subfield code="k">CS</subfield>
    <subfield code="o">RC931.O73 A93 1998</subfield>
    <subfield code="p">BFM000008782</subfield>
    <subfield code="r">2022-08-23 00:00:00</subfield>
    <subfield code="t">1</subfield>
    <subfield code="v">1.00</subfield>
    <subfield code="y">LIB</subfield>
  </datafield>
  <datafield tag="952" ind1=" " ind2=" ">
    <subfield code="1">0</subfield>
    <subfield code="2">lcc</subfield>
    <subfield code="4">0</subfield>
    <subfield code="7">0</subfield>
    <subfield code="a">LIC-010</subfield>
    <subfield code="b">LIC-010</subfield>
    <subfield code="c">GENERAL</subfield>
    <subfield code="d">2022-08-23</subfield>
    <subfield code="e">DON</subfield>
    <subfield code="f">1a ed.</subfield>
    <subfield code="h">T10</subfield>
    <subfield code="k">CS</subfield>
    <subfield code="o">RC931.O73 A93 1999</subfield>
    <subfield code="p">BFM000008783</subfield>
    <subfield code="r">2022-08-23 00:00:00</subfield>
    <subfield code="t">1</subfield>
    <subfield code="v">1.00</subfield>
    <subfield code="y">LIB</subfield>
  </datafield>
</record>
